00841 a2200193 45000010006000000050017000060080041000230030015000640400040000790800047001192450046001660200022002122640034002343000026002685050207002940410008005011000043005098560095005524046120260407155659.0260407a2016 arg spa dAR-UNSa-BCEJYS aAR-UNSa-BCEJYSbspacAR-UNSa-BCEJYS a347.1/7(094.4)xCódigo Civil y Comercial10aCódigo Civil y Comercial de la Nación a978-987-3953-30-9 1aBuenos Aires :bErreiusc2016 axxxi, 1052 p.c21 cm. a1. Parte General - 2. Relaciones de Familia - 3. Derechos personales - 4. Derechos Reales - 5. Transmisión de Derechos por Causa de muerte - 6. Disposiciones comunes a los derechos personales y reales aspa1 aArgentina (Código Civil y Comercial)41uhttps://biblioeco.unsa.edu.ar/pmb/images/libros/L125868.jpgyImagen de portadaqimage/jpeg